Проблеми ненормативності англійської мови у музиці стилю хіп хоп (на основі текстів пісень Тупака Шакура) (Запис № 283972)

МАРК-запис
000 -LEADER
fixed length control field 01641nam a22001577a 4500
041 ## - LANGUAGE CODE
Language code of text/sound track or separate title ukr
080 ## - UNIVERSAL DECIMAL CLASSIFICATION NUMBER
Universal Decimal Classification number 09
090 ## - LOCALLY ASSIGNED LC-TYPE CALL NUMBER (OCLC); LOCAL CALL NUMBER (OCLC)
Local cutter number (OCLC) ; Book number/undivided call number, CALL (RLIN) КНВ
100 ## - MAIN ENTRY--PERSONAL NAME
Personal name Клімчук Н.В.
245 ## - TITLE STATEMENT
Title Проблеми ненормативності англійської мови у музиці стилю хіп хоп (на основі текстів пісень Тупака Шакура)
260 ## - PUBLICATION, DISTRIBUTION, ETC. (IMPRINT)
Place of publication, distribution, etc Острог
Name of publisher, distributor, etc КАФ
Date of publication, distribution, etc 2007
300 ## - PHYSICAL DESCRIPTION
Extent 51
520 ## - SUMMARY, ETC.
Summary, etc ВСТУП.<br/>РОЗДІЛ 1. ПОНЯТТЯ ЛІНГВІСТИЧНОЇ НОРМИТА ВІДХИЛЕННЯ ВІД НОРМИ, ЛІТЕРАТУРНА ТА НЕЛІТЕРАТУРНА АНГЛІЙСЬКА МОВА.<br/>РОЗДІЛ 2. ЗАГАЛЬНА ХАРАКТЕРИСТИКА РОЗВИТКУ АНГЛІЙСЬКОЇ МОВИ АФРО- АМЕРИКАНЦІВ.<br/>2.1. Піджинізація.<br/>2.2. Креолізація.<br/>2.3. Афро американський варіант англійської мови (Black English).<br/>РОЗДІЛ 3. АНАЛІЗ МОВНИХ ВІДХИЛЕНЬ У ТЕКСТАХ ПІСЕНЬ ТУПАКА ШАКУРА.<br/>3.1. Фонологічні ознаки ненормативності.<br/>3.2. Графічні ознаки ненормативності.<br/>3.3. Лексико семантичні ознаки ненормативності.<br/>3.4. Граматичні ознаки ненормативності.<br/>3.4.1. Морфологічні особливості.<br/>3.4.2. Синтаксичні особливості.<br/>ВИСНОВКИ.
-- Ненормативність англійської мови, музика.
650 ## - SUBJECT ADDED ENTRY--TOPICAL TERM
Topical term or geographic name as entry element Research Papers
942 ## - ADDED ENTRY ELEMENTS (KOHA)
Koha item type Книги
Фонди
Withdrawn status Lost status Source of classification or shelving scheme Damaged status Not for loan Home library Current library Date acquired Source of acquisition Cost, normal purchase price Total Checkouts Full call number Barcode Date last seen Price effective from Koha item type
    Universal Decimal Classification     ВІЛ - Відділ іноземн. літератури НБ ВІЛ - Відділ іноземн. літератури НБ 16/04/2009 Акт №1 1.00   09 213693 15/12/2021 16/04/2009 Книги